LEADER 01900nam0 22003011i 450 001 UON00031838 005 20231205102104.763 100 $a20020107b19601964 |0itac50 ba 101 $afre 102 $aFR 105 $a|||| 1|||| 200 1 $aˆLes ‰actes des premieres sultans conservés dans les manuscrits turcs de la Bibliothèque a Paris$fNicoara Beldiceanu. - Paris$eMouton et Co., 1960-64 210 $a2 v.$atav. ; 24 cm 215 $avol. I$cActes de Mehmed II et de Bayezid II du MS. fonds turcs ancien 39 vol.II$cEcole Pratique des Hautes Etudes, VIe Section 316 $aInv. comune ai due voll.$5IT-UONSI DOPPI429 410 1$1001UON00018257$12001 $aDocuments et Recherches sur l'économie des pays byzantins, islamiques et slaves et leurs relations commerciale au Moyen Age$fsous la direction de Paul Lemerle$1210 $aParis$cMouton$d19 - v. ; 24 cm$v3, 7 606 $aImpero Ottomano$xStoria $xSec. 15-17$xDocumenti$3UONC009583$2FI 620 $aFR$dParis$3UONL002984 686 $aOTT IV A$cIMPERO OTTOMANO - STORIA - FONTI ORIENTALI$2A 700 1$aBELDICEANU$bNicoara$3UONV018443$0162008 712 $aMouton & Co.$3UONV246360$4650 801 $aIT$bSOL$c20250919$gRICA 912 $aUON00031838 950 $aSIBA - SISTEMA BIBLIOTECARIO DI ATENEO$dSI DOPPI 429 $eSI TUR113 5 Inv. comune ai due voll. 950 $aSIBA - SISTEMA BIBLIOTECARIO DI ATENEO$dSI OTT IV A 072 (1) $eSI SA 68998 7 072 (1) 950 $aSIBA - SISTEMA BIBLIOTECARIO DI ATENEO$dSI OTT IV A 072 (2) $eSI SA 68999 7 072 (2) 996 $aActes des premieres sultans conservés dans les manuscrits turcs de la Bibliothèque a Paris$91190061 997 $aUNIOR LEADER 02050nam 22006015 450 001 9910163100803321 005 20230807210849.0 010 $a9783110800982 010 $a3110800985 024 7 $a10.1515/9783110800982 035 $a(CKB)3360000000513519 035 $a(SSID)ssj0001457498 035 $a(PQKBManifestationID)12558128 035 $a(PQKBTitleCode)TC0001457498 035 $a(PQKBWorkID)11441775 035 $a(PQKB)10866690 035 $a(MiAaPQ)EBC4793708 035 $a(DE-B1597)42588 035 $a(OCoLC)979586644 035 $a(DE-B1597)9783110800982 035 $a(Perlego)609676 035 $a(BIP)30763532 035 $a(BIP)815579 035 $a(EXLCZ)993360000000513519 100 $a20190906d2015 fg 101 0 $aeng 135 $aurcnu|||||||| 181 $ctxt 182 $cc 183 $acr 200 10$aInternational Educational Exchange $eAn Assessment of its Nature and its Prospects /$fOtto Klineberg 205 $aReprint 2015 210 1$aBerlin ;$aBoston : $cDe Gruyter Mouton, $d[2015] 210 4$d©1976 215 $a1 online resource (272 pages) $cillustrations 225 0 $aPublications of the International Social Science Council ;$v18 300 $aBibliographic Level Mode of Issuance: Monograph 311 08$a9789027975621 311 08$a9027975620 320 $aIncludes bibliographical references. 327 $tFrontmatter -- $tContents -- $tPreface -- $tPART I. The Major Problem Areas -- $tPART II. The Seven National Studies -- $tPART III. Conclusions and Implications -- $tA NOTE ON BIBLIOGRAPHY -- $tAPPENDIX 410 0$aPublications of the International Social Science Council ;$vno. 18. 606 $aEducational exchanges 615 0$aEducational exchanges. 676 $a370.19/6 700 $aKlineberg$b Otto, $0126838 702 $aAlemann$b Heine von 801 0$bDE-B1597 801 1$bDE-B1597 906 $aBOOK 912 $a9910163100803321 996 $aInternational Educational Exchange$92788457 997 $aUNINA